000 01101nac a22003137a 4500
001 BR8800466
003 BR-BrBNA
005 20240105120704.0
008 230509b bl.|||m| |||| 00| 0 por d
040 _aBR-BrBNA
_bpor
_cBiblioteca Nacional de Agricultura
072 _aA50; F01
090 _a1850 BR8800466
100 1 _aAnguetti, M. da P.
100 1 _aFonseca, A.F.A. da
110 1 _aUnidade de Execucao de Pesquisa de Ambito Estadual de Porto Velho, RO (Brasil)
_910373
245 1 _aAvaliacao de sistemas de conducao do tomateiro (Lycopersicon esculentum Mill.)no periodo umido, em Vilhena-Rondonia
260 3 _aPorto Alegre, RS (Brasil):
_c1986.
300 _a5 p.
490 _aPesquisa em Andamento - Unidade de Execucao de Pesquisa de Ambito Estadual de Porto Velho (Brazil)
_vno. 100
_xISSN 0101-7039
650 _aPESQUISA AGRICOLA
650 _aADUBACAO
650 _aTUTORAMENTO
650 _aDOENCA DE PLANTA
650 _aPRATICA CULTURAL
650 _aTOMATE
650 _aRONDONIA
909 _a202312
_bLúcia Elande
_c55
_dLúcia Elande
942 _2AGRIS
_n0
_cMS
999 _c280903
_d280903